The Navier-Stokes equations theory and numerical methods : proceedings of a conference held at Oberwolfach, FRG, Sept. 18-24, 1988
Αποθηκεύτηκε σε:
| Άλλοι συγγραφείς: | |
|---|---|
| Μορφή: | Βιβλίο |
| Γλώσσα: | English |
| Δημοσίευση: |
Berlin :
Sringer-Verlag,
c1990.
|
| Σειρά: | Lecture notes in mathematics (Springer-Verlag)
; 1431 |
| Θέματα: | |
| Ετικέτες: |
Προσθήκη ετικέτας
Δεν υπάρχουν, Καταχωρήστε ετικέτα πρώτοι!
|
MARC
| LEADER | 00000cam a2200000 i 4500 | ||
|---|---|---|---|
| 001 | 1/29449 | ||
| 008 | 941103s1990####gw | ||| |||| | eng|| | ||
| 020 | |a 3540527702 | ||
| 035 | |a 1993 |l 10038323 | ||
| 040 | |a GR-MY-UA |b gre |e aacr | ||
| 041 | 0 | |a eng | |
| 082 | 0 | |a 532.0533 | |
| 245 | 1 | 4 | |a The Navier-Stokes equations theory and numerical methods : |b proceedings of a conference held at Oberwolfach, FRG, Sept. 18-24, 1988 / |c J.G. Heywood...[κ.α.]. (eds.). |
| 260 | |a Berlin : |b Sringer-Verlag, |c c1990. | ||
| 300 | |a vii, 238 σ. ; |c 25 εκ. | ||
| 490 | 1 | |a (Lecture notes in mathematics (Springer-Verlag) |v ; 1431) | |
| 504 | |a Περιέχει βιβλιογραφικές αναφορές. | ||
| 650 | 0 | 0 | |a Navier-Stokes equations |x Congresses. |
| 650 | 0 | 0 | |a Navier-Stokes equations |x Numerical solutions |x Congresses. |
| 700 | 1 | |a Heywood, J. G. |q (John Groves), |d 1940- |e edt | |
| 830 | 0 | |a Lecture notes in mathematics (Springer-Verlag) |v ; 1431 | |
| 852 | |a INST |b SAMOS |e 19941103 |h 532.0533 NAV |p 005300008252 |q 005300008252 |t BK |y 0 | ||
| 909 | |a Σ |b 029269 | ||